Funkcionálna analýza rozptylu: prípadová štúdia z potravinárskeho priemyslu
Technologický pokrok v informačných systémoch poskytol možnosť zaznamenávať veľmi veľké súbory dát, ktorý tiež umožňuje meranie fyzikálnych alebo sociálnych fenoménov presnejším spôsobom. Dáta v takýchto viacrozmerných súboroch sa dajú transponovať do matematických, tzv. funkcionálnych, objektov pre...
Guardado en:
| Autor principal: | |
|---|---|
| Formato: | Capítulo de libro |
| Lenguaje: | eslovaco |
| Materias: | |
| Etiquetas: |
Sin Etiquetas, Sea el primero en etiquetar este registro!
|
MARC
| LEADER | 00000naa$a2200000$$$4500 | ||
|---|---|---|---|
| 001 | 0289324 | ||
| 005 | 20240502074431.4 | ||
| 041 | 0 | |a slo | |
| 044 | |a SK | ||
| 245 | 1 | 0 | |a Funkcionálna analýza rozptylu: prípadová štúdia z potravinárskeho priemyslu |c Peter Knížat |
| 520 | |a Technologický pokrok v informačných systémoch poskytol možnosť zaznamenávať veľmi veľké súbory dát, ktorý tiež umožňuje meranie fyzikálnych alebo sociálnych fenoménov presnejším spôsobom. Dáta v takýchto viacrozmerných súboroch sa dajú transponovať do matematických, tzv. funkcionálnych, objektov pre pozorované vzorky. Štatistická terminológia určená na spracovanie tohto druhu viacrozmerných matematických objektov sa nazýva analýza funkcionálnych dát. V tomto článku predstavíme teoretický rámec, ktorý transponuje reálne dáta na funkcionálne a definuje tieto matematické objekty v štatistickej metóde analýzy rozptylu. V prípadovej štúdii z potravinárskeho priemyslu ukážeme aplikáciu tohto teoretického rámca na pozorované dáta, ktorej cieľom bude overenie, či je možné určiť obsah tuku vo vzorke mäsa na základe spektrálnych absorbancií meraných infračerveným analyzátorom. | ||
| 610 | 2 | 0 | |a priemysel potravinársky |
| 610 | 2 | 0 | |a analýza dát |
| 610 | 2 | 0 | |a systémy informačné |
| 610 | 2 | 0 | |a matematika |
| 610 | 2 | 0 | |a štatistika |
| 100 | 1 | |a Knížat, Peter, 1980- | |